000 00286nam a2200121Ia 4500
008 190216s9999||||xx |||||||||||||| ||und||
100 _aScaria P P
245 0 _aDevelopment Of Economic Thought
260 _bVrindavan Pub
_c1999
300 _a380 p
650 _aEconomics
942 _cBK
999 _c10340
_d10340